Diseño e implementación del Sistema de Indicadores de Seguimiento de la Política de Biodiversidad en la Amazonia colombiana (Registro nro. 6046)
[ vista simple ]
| 000 -CABECERA | |
|---|---|
| Campo de control | 00901nam a2200181 a 4500 |
| 090 ## - CLASIFICACIÓN LOCAL | |
| Colección | IAVH |
| Consecutivo | 00765 CD-1 |
| 041 ## - IDIOMA | |
| Código de idioma para texto/pista de sonido o título separado | Español |
| 110 ## - ASIENTO PRINCIPAL--NOMBRE CORPORATIVO | |
| Unidad subordinad | FONADE |
| 245 ## - MENCION DE TITULO | |
| Título | Diseño e implementación del Sistema de Indicadores de Seguimiento de la Política de Biodiversidad en la Amazonia colombiana |
| 260 ## - PUBLICACION, DISTRIBUCION, ETC. (PIE DE IMPRENTA) | |
| Lugar de publicación, distribución, etc. | Bogotá |
| Nombre del editor, distribuidor, etc. | Instituto Alexander von Humboldt |
| Fecha de publicación, distribución, etc. | 2002 |
| 300 ## - DESCRIPCION FISICA | |
| Extensión | 569 p. |
| 520 ## - NOTA DE RESUMEN, ETC. | |
| Nota de resumen | Se evalúan el cumplimiento de los criterios de simplicidad, validez, disponibilidad, replicabilidad y comparabilidad; y la calidad y de los métodos de obtención de la información. Se formulan algunas recomendaciones de política ambiental. |
| 650 ## - ASIENTO SECUNDARIO DE MATERIA - TERMINO TEMATICO | |
| Término temático o nombre geográfico como elemento de entrada | Biodiversidad |
| 650 ## - ASIENTO SECUNDARIO DE MATERIA - TERMINO TEMATICO | |
| Término temático o nombre geográfico como elemento de entrada | Conservación |
| 650 ## - ASIENTO SECUNDARIO DE MATERIA - TERMINO TEMATICO | |
| Término temático o nombre geográfico como elemento de entrada | Política ambiental |
| 662 ## - ASIENTO SECUNDARIO DE MATERIA - JERARQUIA DEL NOMBRE DE LUGAR( | |
| País o entidad mayor | Colombia |
| Jurisdicción política intermedia | Amazonia |
| 773 0# - Item fuente: | |
| Host Biblionumber | 5986 |
| Host Itemnumber | 9704 |
| Asiento principal | |
| Edición | |
| Lugar, editorial y fecha de publicación | Bogotá Informatica documental 2007 |
| Otro identificador del ítem - Codigo de Barras | 024802 |
| Título | Informes de investigaciones IAVH en PDF |
| Número de control del registro | |
| Número Internacional Normalizado para Publicaciones Seriadas - ISSN | |
| Número Internacional Normalizado para Libros - ISBN | |
No hay ítems disponibles.